Lyrics to "Make You Feel My Love" - Statistics

General Stats
  • This quiz has been taken 392 times
    310 since last reset
  • The average score is 146 of 181
Answer Stats
Lyrics % Correct
I
100%
you
100%
You
100%
you,
100%
a
99%
and
98%
feel
98%
in
98%
love.
98%
make
98%
my
98%
the
98%
The
98%
your
98%
is
95%
To
95%
to
95%
When
94%
on
92%
world
89%
no
88%
No,
88%
whole
88%
do
87%
do,
87%
do.
87%
face,
87%
of
87%
blowing
84%
there
84%
rain
83%
would
83%
could
82%
warm
82%
embrace,
81%
me
81%
offer
80%
case
79%
for
78%
that
78%
know
77%
mind
76%
stars
75%
up
75%
made
74%
but
73%
one
73%
yet,
73%
yet.
73%
haven't
72%
million
72%
never
72%
where
72%
go
71%
Go
71%
hold
71%
nothing
71%
tears,
71%
years
71%
we
70%
appear,
69%
belong.
69%
wouldn't
69%
dry
68%
shadows
67%
there's
67%
There's
67%
wrong.
67%
doubt
66%
evening
66%
down
63%
from
63%
met,
63%
moment
63%
avenue.
61%
blue.
61%
it
61%
black
60%
I'd
59%
hungry,
58%
come
56%
are
55%
I've
55%
crawling
54%
known
54%
dreams
53%
true.
53%
winds
53%
happy,
52%
earth
50%
ain't
49%
like
49%
ends
47%
free.
46%
seen
46%
wild
46%
sea,
45%
change
44%
highway
43%
rolling
38%
regret.
35%
storms
34%
raging
32%
this
28%
No matching quizzes found
Score Distribution
Percent of People with Each Score
Percentile by Number Answered
Your Score History
You have not taken this quiz since the last reset